Loading...
| Current Events | 1 | 10.00 | 100% | 0% | 0% |
| Fine Arts - Auditory Fine Arts | 3 | 10.00 | 100% | 0% | 0% |
| Fine Arts - Other Fine Arts | 1 | 10.00 | 100% | 0% | 0% |
| Fine Arts - Visual Fine Arts | 1 | 0.00 | 0% | 0% | 0% |
| Geography | 2 | 10.00 | 50% | 50% | 0% |
| History - American History | 4 | 12.50 | 100% | 25% | 0% |
| History - European History | 2 | 15.00 | 100% | 50% | 0% |
| History - Other History | 1 | 10.00 | 100% | 0% | 0% |
| History - World History | 1 | 20.00 | 100% | 0% | 100% |
| Literature - American Literature | 1 | 0.00 | 0% | 0% | 0% |
| Literature - British Literature | 3 | 3.33 | 33% | 0% | 0% |
| Literature - European Literature | 1 | 10.00 | 100% | 0% | 0% |
| Literature - World Literature | 3 | 10.00 | 100% | 0% | 0% |
| Mythology | 3 | 6.67 | 67% | 0% | 0% |
| Philosophy | 2 | 10.00 | 50% | 0% | 50% |
| Pop Culture | 1 | 20.00 | 100% | 100% | 0% |
| Popular Culture | 1 | 20.00 | 0% | 100% | 100% |
| Religion | 2 | 5.00 | 50% | 0% | 0% |
| Science - Biology | 1 | 0.00 | 0% | 0% | 0% |
| Science - Chemistry | 3 | 6.67 | 67% | 0% | 0% |
| Science - Physics | 3 | 10.00 | 100% | 0% | 0% |
| Social Science | 2 | 0.00 | 0% | 0% | 0% |